000 00557nam a2200205Ia 4500
005 20260622151210.0
008 131103s9999 xx 000 0 und d
040 _aLoreto College
041 _aEnglish
082 _a274
_bMAH
100 _aMahony, Rev.J.
245 2 _aA history of the catholic church for schools
_cRev.J.Mahony
260 _aDublin
_bThe educational company of ireland
_c1950
300 _aV.2
504 _aMedieval christendom
650 _aCatholic church - history
651 _aChristanity
850 _aLCLIB
942 _cBK
999 _c25337
_d75816